000 00612nam a2200157Ia 4500
008 220216s9999 xx 000 0 und d
100 _aPratummintra Somjate
245 0 _aRubber establishment in the new area(North and Northeast Thailand) by using the rubber production potential models and geo-informatics system
260 _bIRRDB Symposium: Challenges for Natural Rubber in Globalization, 15-17 September 2003, Ching Mai, Thailand
650 _aCrop model
650 _aGeo-informatics system
650 _aRubber production
700 _aKesawapitak Prasart
700 _aRomyen Prapart
942 _cJS
999 _c67576
_d67576